LIBRARY & INFORMATION CENTRE, KCAET, TAVANUR

ONLINE PUBLIC ACCESS CATALOGUE (OPAC)

Fluid mechanics (In SI Units) (Record no. 13936)

MARC details
000 -LEADER
fixed length control field 00314nam a22001337a 4500
020 ## - INTERNATIONAL STANDARD BOOK NUMBER
ISBN 9780071333122
082 ## - DEWEY DECIMAL CLASSIFICATION NUMBER
Classification number 532
Item number WHI/FL
100 ## - MAIN ENTRY--AUTHOR NAME
Personal name White, Frank M
245 ## - TITLE STATEMENT
Title Fluid mechanics (In SI Units)
250 ## - EDITION STATEMENT
Edition statement 7th
260 ## - PUBLICATION, DISTRIBUTION, ETC. (IMPRINT)
Place of publication New Delhi
Name of publisher Tata McGraw hill education
Year of publication 2011
300 ## - PHYSICAL DESCRIPTION
Number of Pages 878
942 ## - ADDED ENTRY ELEMENTS (KOHA)
Koha item type Books
Holdings
Withdrawn status Lost status Damaged status Collection code Home library Current library Shelving location Date acquired Source of acquisition Cost, normal purchase price Full call number Accession Number Koha item type
      Non-fiction KAUAET KAUAET General Stacks 30/03/2013 Calicut Book Distributors 599.00 532 WHI/FL 23735 Books
        KAUAET KAUAET General Stacks 17/06/2016 Aman Book Stall Calicut 640.00 532 WHI/FL 24673 Books
free website counter